000 00513nam a22001937a 4500
003 OSt
005 20161110134239.0
008 161110b xxu||||| |||| 00| 0 eng d
020 _a0826448402
040 _cDDC.
082 _a372.6BIL 2000.
100 _aEdited by Datta Manjula;
_911273
245 _aBilinguality and Literacy:
260 _aLondon.
_bContinuum:
_c2000.
300 _axiii,273p;
_bill:
_c24cm.
504 _aincludes references and index.
650 _aLiteracy.
_911274
942 _2ddc
_cO_SHELF
999 _c5389
_d5389